| 000 | 01844nam a22002897a 4500 | ||
|---|---|---|---|
| 003 | PE SENCICO BE | ||
| 005 | 20251020182636.0 | ||
| 008 | 230510b |||||||| |||| 00| 0 eng d | ||
| 020 | _a978-607-17-1354-4 | ||
| 040 |
_aPE SENCICO BE _cPE SENCICO BE |
||
| 041 | _aspa | ||
| 082 |
_a621.47 _bP57 _c2013 |
||
| 100 | 1 |
_91012 _aPilatowsky, Figueroa _eautor |
|
| 245 | 1 |
_aSistemas de calentamiento solar de agua : _buna guía para el consumidor / _cIsaac Pilatowsky Figueroa, Rodolfo Martinez Strevel |
|
| 250 | _a3a ed. | ||
| 260 |
_aMéxico, D. F. : _bTrillas, _c2013 |
||
| 300 |
_a101 p. : _bil.; _c23 cm. |
||
| 504 | _aBibliografía: p. 97 | ||
| 505 | 0 | _aCap.1. El sistema de calentamiento global. -- Cap.2. Anatomía de un captador solar plano. -- Cap.3. Captadores solares evacuados. -- Cap.4. Cómo se interconectan los captadores. -- Cap.5. Cómo circular el agua. -- Cap. 6. ¿Cuáles son la inclinación y la orientación adecuada?. -- Cap.7.Cómo se almacena el agua caliente. -- Cap.8.Sistemas de calentamiento solar de gua para su uso sanitario. -- Cap.9. Sistemas solares para el calentamiento de agua para piscinas. -- Cap.10. Dispositivos de control. -- Cap.11. Cómo adquirir un equipo solar. -- Cap.12. Recomendaciones para un buen funcionamiento del sistema de calentamiento solar. -- Cap.13. Resistencia mecánica. -- Cap.14.Operación y mantenimiento. -- Cap.15. Inspección periódica. -- Cap.16. La economía del sistema de calentamiento solar. -- Cap.17. Contrato de compra-venta. -- Cap.18. Garantías y seguros. -- Cap.19. Dónde presentar una inconformidad. | |
| 650 | 1 | 4 |
_91013 _aCalor solar |
| 650 | 2 | 4 |
_91014 _aEnergía solar |
| 650 | 2 | 4 |
_91015 _aCalentadores de agua |
| 650 | 2 | 4 |
_91016 _aColectores solares |
| 700 | 1 |
_91017 _aMartínez Strevel, Rodolfo _eautor |
|
| 910 |
_bhfp _chfp |
||
| 942 |
_2ddc _cLIB |
||
| 999 |
_c4141 _d4141 |
||